000 00718nam a2200205Ii 4500
003 JO-AjNU
008 230605s9999||||xx |||||||||||||| ||und||
017 _a2006/7/2069
040 _aJO-AjNU
_bara
_erda
_cJO-AjNU
041 _aara
050 1 4 _aDS119.7.A2882 2007
100 3 _aتاليف أبو سمرة، محمد,
_eauthor
_97362
245 0 0 _aرسالة الى شعب إسرائيل
264 3 1 _aعمان: دار الجليل، 2007
300 _a114ص
_b: صور توضيحية
336 _atext
_btxt
_2rdacontent
337 _aunmediated
_bn
_2rdamedia
338 _avolume
_bnc
_2rdacarrier
650 4 _aالنزاع العربي الاسرائيلي- الصهوينة، فلسطين- تاريخ1948
_97363
999 _aA241
_c3809
_d3809